Exceeding welcome nevves from Beverley, or, York-shires love to London : vvherein is declared the resolution of the gentry and commonalty of Yorkshire, to joyn with the London voluntiers, for the defence of the King and Parliament : vvith more ioyfull news from the Kings Most Excellent Majesty : also the Parliaments resolution, wherein they declare that they will live and die with the Earle of Essex, in the maintenance of the Protestant religion, and defence of the Kings honour.

Bibliographic Details
Corporate Author: England and Wales. Parliament
Format: eBook
Language:English
Published: London : Printed for John Rider, Aug. 4, 1642.
Series:Early English books online.
Subjects:
Online Access:Connect to the full text of this electronic book

MARC

Tag First Indicator Second Indicator Subfields
LEADER 00000nam a2200000Ia 4500
001 in00004266821
005 20200810073620.0
006 m g d
007 cr bn |||a|bb|
008 850717s1642 enk o 00| | eng d
035 |a (OCoLC)12273056 
040 |a EAA  |c EAA  |d m/c  |d UMI  |d WaOLN 
037 |a CL0037000007  |b ProQuest Information and Learning. 300 N. Zeeb Rd., Ann Arbor, MI 48106 
049 |a UMIA 
245 0 0 |a Exceeding welcome nevves from Beverley, or, York-shires love to London :  |b vvherein is declared the resolution of the gentry and commonalty of Yorkshire, to joyn with the London voluntiers, for the defence of the King and Parliament : vvith more ioyfull news from the Kings Most Excellent Majesty : also the Parliaments resolution, wherein they declare that they will live and die with the Earle of Essex, in the maintenance of the Protestant religion, and defence of the Kings honour. 
260 |a London :  |b Printed for John Rider,  |c Aug. 4, 1642. 
300 |a 1 online resource ([2], 5 pages) 
336 |a text  |b txt  |2 rdacontent 
337 |a computer  |b c  |2 rdamedia 
338 |a online resource  |b cr  |2 rdacarrier 
500 |a Reproduction of original in Thomason Collection, British Library. 
510 4 |a Wing  |c E3775 
533 |a Electronic reproduction.  |b Ann Arbor, Mich. :  |c UMI,  |d 1999-  |f (Early English books online)  |n Digital version of: (Early English books, 1641-1700 ; 246:E109, no 2)  |7 s1999 miun s 
600 1 0 |a Essex, Robert Devereux,  |c Earl of,  |d 1591-1646. 
651 0 |a Yorkshire (England)  |x History. 
651 0 |a Great Britain  |x History  |y Civil War, 1642-1649  |v Sources. 
710 1 |a England and Wales.  |b Parliament.  |t Declaration of the Lords and Commons assembled. 
740 0 |a Exceeding welcome newes from Beverley. 
740 0 |a Yorkshires love to London. 
740 0 |a York-shires love to London. 
830 0 |a Early English books online. 
856 4 0 |u http://proxy.library.tamu.edu/login?url=https://search.proquest.com/docview/2240953549  |z Connect to the full text of this electronic book  |t 0 
999 f f |s a6dfcee5-411e-3656-a4c4-59ea351683e0  |i 0142c274-d413-3d79-9437-3786fde663c5  |t 0 
952 f f |a Texas A&M University  |b College Station  |c Electronic Resources  |d Available Online  |t 0  |h No information provided 
998 f f |t 0  |l Available Online